Hóa học vui

Saved in:
Bibliographic Details
Main Author: Lê, Thành
Format: Book
Language:Undetermined
Published: Tp. Hồ Chí Minh Đại học Quốc Gia 2002
Subjects:
Tags: Add Tag
No Tags, Be the first to tag this record!
Institutions: Trung tâm Học liệu Trường Đại học Cần Thơ
LEADER 00444nam a2200169Ia 4500
001 CTU_48339
008 210402s9999 xx 000 0 und d
082 |a 540 
082 |b Th107 
100 |a Lê, Thành 
245 0 |a Hóa học vui 
245 0 |c Lê Thành 
260 |a Tp. Hồ Chí Minh 
260 |b Đại học Quốc Gia 
260 |c 2002 
650 |a Chemistry 
980 |a Trung tâm Học liệu Trường Đại học Cần Thơ